| 000 | 00672nam a2200241Ia 4500 | ||
|---|---|---|---|
| 003 | OSt | ||
| 005 | 20220918182101.0 | ||
| 006 | a|||||r|||| 00| 0 | ||
| 007 | ta | ||
| 008 | 220917b |||||||| |||| 00| 0 eng d | ||
| 024 | _a30,624 | ||
| 037 | _cTextual | ||
| 040 |
_aARTS _cARTS _beng |
||
| 041 |
_2eng _aeng |
||
| 082 | _aO111,4NPLx, L5 | ||
| 100 | _aPlath Sylvia | ||
| 245 | 0 |
_aLetters home _b correspondence 1950-1963 ed by Aurelia Schober Plath |
|
| 260 |
_aLondon _bFaber And Faber _c1975 |
||
| 300 |
_a502p. illus _ccm. |
||
| 650 | _aENGLISH LITERATURE | ||
| 942 |
_hO111,4NPLx, L5 _cTEXL _2CC |
||
| 999 |
_c167850 _d167850 |
||